[Event "Bohumin op-B 6th"]
[Site "Bohumin"]
[Date "2023.07.04"]
[Round "4"]
[White "Shystarova, Anna"]
[Black "Krampol, Vladimir"]
[Result "0-1"]
[WhiteElo "1738"]
[BlackElo "1641"]
[PlyCount "66"]
[EventDate "2023.07.01"]
[EventType "swiss"]
[EventRounds "9"]
[EventCountry "CZE"]
[SourceTitle "EXT 2024"]
[Source "ChessBase"]
[SourceDate "2023.10.10"]
[SourceVersion "1"]
[SourceVersionDate "2023.10.10"]
[SourceQuality "1"]

1. d4 Nf6 2. Nf3 g6 3. c4 d5 4. Nc3 Bg7 5. Bg5 c6 6. e3 0-0 7. Bd3 dxc4 8. Bxc4 b5 9. Bd3 Nbd7 10. 0-0 h6 11. Bh4 g5 12. Bg3 Nh5 13. Nxg5 Nxg3 14. fxg3 hxg5 15. Qh5 f5 16. Bxf5 Nf6 17. Qxg5 Bxf5 18. Rxf5 e6 19. Rf4 Nh7 20. Qg4 Qe7 21. Raf1 e5 22. R4f3 exd4 23. exd4 Rxf3 24. gxf3 Kh8 25. Rd1 Qe3+ 26. Kf1 Rf8 27. Kg2 Re8 28. Qd7 Ng5 29. Qxc6 b4 30. Rd3 Qe1 31. Ne4 Rxe4 32. fxe4 Qe2+ 33. Kg1 Nh3+ 0-1

[Event "Bohumin op 5th"]
[Site "Bohumin"]
[Date "2022.07.10"]
[Round "9"]
[White "Shystarova, Anna"]
[Black "Macura, Mateusz"]
[Result "1/2-1/2"]
[WhiteElo "1856"]
[BlackElo "1555"]
[PlyCount "67"]
[EventDate "2022.07.02"]
[EventType "swiss"]
[EventRounds "9"]
[EventCountry "CZE"]
[SourceTitle "CBM 209 Extra"]
[Source "ChessBase"]
[SourceDate "2022.09.30"]
[SourceVersion "1"]
[SourceVersionDate "2022.09.30"]
[SourceQuality "1"]

1. d4 Nf6 2. Nf3 e6 3. c4 d5 4. Bg5 c6 5. e3 Nbd7 6. a3 Bd6 7. c5 Be7 8. b4 h6 9. Bh4 0-0 10. Bd3 Re8 11. h3 a5 12. Nc3 b6 13. 0-0 bxc5 14. bxc5 Ba6 15. Bxa6 Rxa6 16. Qd3 Ra7 17. Bg3 Nh7 18. Ne5 Nxe5 19. Bxe5 Nf8 20. Rab1 Nd7 21. Bh2 e5 22. Na4 Bf6 23. Nb6 exd4 24. exd4 g6 25. Nxd7 Qxd7 26. Qd2 Kh7 27. Rfe1 Rb7 28. Rxb7 Rxe1+ 29. Qxe1 Qxb7 30. Be5 Qe7 31. f4 Bg7 32. Kf1 f6 33. Bd6 Qxe1+ 34. Kxe1 1/2-1/2

[Event "Orlova op 7th"]
[Site "Orlova"]
[Date "2010.05.27"]
[Round "7"]
[White "Orzechowski, Krzysztof"]
[Black "Shystarova, Anna"]
[Result "0-1"]
[WhiteElo "1743"]
[BlackElo "1856"]
[PlyCount "46"]
[EventDate "2010.05.22"]
[EventType "swiss"]
[EventRounds "7"]
[EventCountry "CZE"]
[SourceTitle "EXT 2012"]
[Source "ChessBase"]
[SourceDate "2011.11.24"]
[SourceVersion "1"]
[SourceVersionDate "2011.11.24"]
[SourceQuality "1"]

1. e4 g6 2. d4 Bg7 3. Nf3 d6 4. Nc3 Nf6 5. Bc4 0-0 6. 0-0 c6 7. Re1 b5 8. Bb3 a6 9. Bf4 Bb7 10. Qd2 c5 11. a3 cxd4 12. Nd5 Nc6 13. Nxf6+ Bxf6 14. Bh6 Re8 15. Ng5 e6 16. f4 Bg7 17. Bxg7 Kxg7 18. Qf2 h6 19. Nf3 Qf6 20. Qg3 Na5 21. e5 Nxb3 22. cxb3 dxe5 23. Nxe5 Rac8 0-1

[Event "Orlova op 6th"]
[Site "Orlova"]
[Date "2009.05.24"]
[Round "2"]
[White "Shystarova, Anna"]
[Black "Trombik, Karel"]
[Result "1/2-1/2"]
[WhiteElo "1869"]
[BlackElo "2143"]
[PlyCount "44"]
[EventDate "2009.05.23"]
[EventType "swiss"]
[EventRounds "9"]
[EventCountry "CZE"]
[SourceTitle "EXT 2012"]
[Source "ChessBase"]
[SourceDate "2011.11.24"]
[SourceVersion "1"]
[SourceVersionDate "2011.11.24"]
[SourceQuality "1"]

1. d4 d5 2. Nf3 Nf6 3. c4 dxc4 4. Nc3 a6 5. a4 e6 6. e4 Bb4 7. Bg5 h6 8. Bxf6 Qxf6 9. e5 Qd8 10. Bxc4 c5 11. d5 exd5 12. Bxd5 Qe7 13. Qb3 Nc6 14. Bxc6+ bxc6 15. 0-0 0-0 16. h3 Be6 17. Qc2 Bd5 18. Qe2 Bxc3 19. bxc3 Bxf3 20. Qxf3 Qxe5 21. Qxc6 Qxc3 22. Rfc1 Qb2 1/2-1/2

[Event "Orlova op 6th"]
[Site "Orlova"]
[Date "2009.05.23"]
[Round "1"]
[White "Osz, Veronika Andrea"]
[Black "Shystarova, Anna"]
[Result "0-1"]
[WhiteElo "1100"]
[BlackElo "1869"]
[PlyCount "66"]
[EventDate "2009.05.23"]
[EventType "swiss"]
[EventRounds "9"]
[EventCountry "CZE"]
[SourceTitle "EXT 2012"]
[Source "ChessBase"]
[SourceDate "2011.11.24"]
[SourceVersion "1"]
[SourceVersionDate "2011.11.24"]
[SourceQuality "1"]

1. e4 g6 2. Nf3 Bg7 3. Bc4 e6 4. d4 Ne7 5. Bf4 d5 6. Bb3 dxe4 7. Ng5 Qxd4 8. Nc3 c6 9. Ngxe4 0-0 10. Be3 Qxd1+ 11. Rxd1 Nd5 12. Nd6 Nxc3 13. bxc3 Bxc3+ 14. Ke2 Na6 15. Bg5 Be5 16. Be7 Bxd6 17. Bxf8 Bxf8 18. Rd2 Nc5 19. Bc4 Ne4 20. Rd4 Nxf2 21. Kxf2 Bc5 22. Rhd1 Bxd4+ 23. Rxd4 e5 24. Ke3 exd4+ 25. Ke4 Bf5+ 26. Kf3 Bxc2 27. Bf1 b5 28. Be2 f5 29. Bd1 Be4+ 30. Ke2 Bxg2 31. Ke1 f4 32. Bb3+ Kg7 33. a3 f3 0-1